- Ciencias sociales
Entrada Tema o Materia
Número de registros utilizados en: 6
001 - NUMERO DE CONTROL
- Campo de control: 7080
003 - IDENTIFICADOR DEL NUMERO DE CONTROL
- Campo de control: SpMaBN
005 - HORA Y FECHA DE LA ULTIMA TRANSACCIÓN
- Campo de control: 20220628174707.0
008 - CAMPO DE LONGITUD FIJA
- Campo fijo de descripción fija: 901201dn anznnbabn |a ana
016 ## -
- : BNE19901062481
024 7# -
- : http://id.loc.gov/authorities/subjects/sh85124019
- : lcsh
024 7# -
- : http://data.bnf.fr/ark:/12148/cb11934326z
- : rameau
040 ## -
- : SpMaBN
- : spa
- : SpMaBN
- : rdc
- : embne
042 ## -
- : 20220628
080 ## -
- : 3:37(.)
- : mrf12
080 ## -
- : 3:37.02
- : mrf12
080 ## -
- : 3:37.091.322.7
- : mrf12
150 ## - ENCABEZAMIENTO DE MATERIA-TEMA
- Téma o Materia: Ciencias sociales
- Subdivisión General: Estudio y enseñanza
450 ## - REFERENCIA DE ENVIO “VEASE” - MATERIA
- Encabezamiento temático : Ciencias sociales
- Subdivisión general: Didáctica
450 ## - REFERENCIA DE ENVIO “VEASE” - MATERIA
- Encabezamiento temático : Ciencias sociales
- Subdivisión general: Enseñanza
450 ## - REFERENCIA DE ENVIO “VEASE” - MATERIA
- Encabezamiento temático : Ciencias sociales
- Subdivisión general: Estudio
- Subdivisión general: Método
550 ## - REFERENCIA DE ENVIO "VEASE ADEMAS" - MATERIA
- Subcampo de control: h
- Encabezamiento temático o nombre geográfico como elemento de entrada: Antropología cultural y social
- Subdivisión General: Estudio y enseñanza
550 ## - REFERENCIA DE ENVIO "VEASE ADEMAS" - MATERIA
- Subcampo de control: h
- Encabezamiento temático o nombre geográfico como elemento de entrada: Demografía
- Subdivisión General: Estudio y enseñanza
550 ## - REFERENCIA DE ENVIO "VEASE ADEMAS" - MATERIA
- Subcampo de control: h
- Encabezamiento temático o nombre geográfico como elemento de entrada: Derecho
- Subdivisión General: Estudio y enseñanza
550 ## - REFERENCIA DE ENVIO "VEASE ADEMAS" - MATERIA
- Encabezamiento temático o nombre geográfico como elemento de entrada: Ciencias sociales
- Subdivisión General: Currículo educativo
550 ## - REFERENCIA DE ENVIO "VEASE ADEMAS" - MATERIA
- Encabezamiento temático o nombre geográfico como elemento de entrada: Profesores de ciencias sociales
670 ## - FUENTE EN LA QUE SE LOCALIZARON DATOS
- Cita de la fuente : WWW LCSH, 28-6-2022
- Información localizada : (Social sciences-Study and teaching)
670 ## - FUENTE EN LA QUE SE LOCALIZARON DATOS
- Cita de la fuente : WWW RAMEAU, 28-6-2022
- Información localizada : (Sciences sociales-Étude et enseignement)
961 ## -
- : Ciencias sociales
- : Didáctica
901 ## -
- : LAEMBNE
